000
00195 a2200097 4500
020
_a
9780916773458
041
_a
spa
100
_a
Lansky, Vicki
245
V
_a
No es tu culpa, Koko oso
942
_c
BK
999
_c
31965
_d
31963